Top 50 Largest Cities in Germany - Statistics

General Stats
  • This quiz has been taken 56 times
  • The average score is 28 of 49
Answer Stats
Answer % Correct
Berlin
100%
Hamburg
98%
Munich
96%
Frankfurt am Main
92%
Stuttgart
92%
Dortmund
90%
Nuremberg
90%
Bremen
85%
Cologne
85%
Dresden
83%
Hannover
81%
Leipzig
79%
Aachen
77%
Essen
77%
Kiel
77%
Augsburg
75%
Bonn
75%
Mannheim
71%
Rostock
69%
Karlsruhe
67%
Erfurt
65%
Munster
65%
Magdeburg
63%
Mainz
60%
Potsdam
60%
Duisburg
58%
Saarbrucken
58%
Lubeck
54%
Wiesbaden
54%
Wuppertal
54%
Braunschweig
50%
Monchengladbach
50%
Kassel
48%
Leverkusen
48%
Chemnitz
46%
Gelsenkirchen
46%
Bochum
44%
Halle (Saale)
38%
Oldenburg
38%
Oberhausen
35%
Ludwigshafen
31%
Hamm
27%
Krefeld
27%
Hagen
25%
Mulheim an der ruhr
15%
Bielfeld
8%
Dussledorf
8%
Freiberg im Breisgau
8%
Onsabruck
0%
No matching quizzes found
Score Distribution
Percent of People with Each Score
Percentile by Number Answered
Your Score History
You have not taken this quiz